Statistics for United States Top 10 Geography

Click here to take the quiz!

General Stats

  • This quiz has been taken 229 times
    (102 since last reset)
  • The average score is 75 of 120

Answer Stats

Top 10 in: Answer % Correct
1)California
100%
2)Texas
100%
4)New York
99%
2)Los Angeles
99%
1)New York City
99%
8)Colorado
97%
3)22,300 sq miLake Michigan
97%
5)1,450 miColorado River
97%
10)Michigan
97%
3)Florida
96%
4)884,363San Francisco
96%
1)Alaska
96%
8)San Diego
95%
6)Arizona
95%
9)501,901Sacramento
93%
2)2,202 miMississippi River
92%
2)32,094Juneau
91%
4)Montana
91%
1)2,341 miMissouri River
91%
1)294,356Anchorage
89%
7)Ohio
88%
10)979 miOhio River
88%
1)0 miCanada
88%
2)0 miMexico
88%
5)Illinois
88%
5)93 miCuba
87%
5)New Mexico
85%
7)Nevada
85%
1)31,700 sq miLake Superior
85%
4)9,910 sq miLake Erie
85%
6)Pennsylvania
85%
9)Oregon
84%
2)950,715Austin
83%
4)53 miBahamas
80%
8)Georgia
79%
3)2 miRussia
79%
10)San Jose
79%
1)1,626,078Phoenix
79%
3)Chicago
79%
8)579 miHaiti
77%
2)23,000 sq miLake Huron
76%
4)Houston
76%
9)North Carolina
76%
10)Wyoming
75%
10)486,290Atlanta
75%
5)7,340 sq miLake Ontario
73%
6)685,094Boston
73%
1)7,838,822Long Island
72%
3)31,644Fairbanks
71%
9)Dallas
69%
6)471 miJamaica
69%
7)578 miBelize
69%
5)704,621Denver
68%
10)653 miGuatemala
67%
7)San Antonio
65%
6)2,117 sq miGreat Salt Lake
64%
6)190,821Hawai'i
64%
5)527,438Fresno
63%
2)641,675Las Vegas
61%
4)1,759 miRio Grande
59%
8)643,648Oklahoma City
59%
8)425,195Oakland
57%
5)Philadelphia
57%
4)863,002Indianapolis
57%
3)879,170Columbus
56%
4)976,372O'ahu
51%
7)1,243 miColumbia River
49%
10)393,292New Orleans
48%
9)608 miHonduras
48%
6)1,443 miArkansas River
45%
2)3,474,182Puerto Rico
43%
7)667,560Nashville
43%
8)1,124 miRed River
43%
3)1,619,090Manhattan
40%
7)469,450Long Beach
40%
10)352,497Anaheim
39%
5)474,558Staten Island
37%
9)380,874Bakersfield
37%
8)160,202Maui
36%
9)198,606Little Rock
36%
7)488,943Kansas City
36%
6)284,736Lincoln
36%
3)621,349Louisville
36%
3)874,168Fort Worth
35%
3)1,979 miYukon River
33%
4)683,577El Paso
32%
9)1,040 miSnake River
29%
5)321,959Lexington
23%
7)162,742Guam
21%
8)464,474Colorado Springs
21%
10)67,091Kaua'i
19%
7)260,654Laredo
17%
9)450,435Virginia Beach
17%
5)8,689Sitka
17%
6)8,272Ketchikan
16%
10)6,013Kodiak
15%
8)253,888Lubbock
12%
4)10,151Wasilla
12%
7)1,679 sq miLake of the Woods
12%
10)160,318Lancaster
11%
9)6,456Bethel
9%
8)7,209Palmer
9%
10)662 sq miLake Okeechobee
7%
9)685 sq miLake Oahe
7%
7)7,790Kenai
5%
8)1,014 sq miIliamna Lake
5%
9)73,812Alameda Island
4%

Score Distribution

Percentile by Number Answered

Percent of People with Each Score

Your Score History

You have not taken this quiz since the last reset